Guia fiscal : (Registro nro. 7597)

Detalles MARC
000 -LEADER
fixed length control field 01260nam a2200241Ia 4500
003 - CONTROL NUMBER IDENTIFIER
control field OSt
005 - DATE AND TIME OF LATEST TRANSACTION
control field 20210413085205.0
008 - FIXED-LENGTH DATA ELEMENTS--GENERAL INFORMATION
fixed length control field 210310s2012 sp gr 000 0dspa d
020 ## - INTERNATIONAL STANDARD BOOK NUMBER
International Standard Book Number 9788490312582
040 ## - CATALOGING SOURCE
Original cataloging agency CO-JMCR
Transcribing agency CO-JMCR
041 0# - LANGUAGE CODE
Language code of text/sound track or separate title spa
082 04 - DEWEY DECIMAL CLASSIFICATION NUMBER
Classification number 336.200946 /
Item number F363g
Edition number 23
100 1# - MAIN ENTRY--PERSONAL NAME
Personal name Fernández De Soto Blass, María Luisa,
9 (RLIN) 14894
Relator term autora
245 10 - TITLE STATEMENT
Title Guia fiscal :
Remainder of title teoría, práctica, Fórmulas y esquemas del sistema tributario español /
Statement of responsibility, etc. María Luisa Fernández De Soto Blass
260 ## - PUBLICATION, DISTRIBUTION, ETC.
Place of publication, distribution, etc. Madrid :
Name of publisher, distributor, etc. Dykinson,
Date of publication, distribution, etc. 2012
300 ## - PHYSICAL DESCRIPTION
Other physical details 949 páginas ;
Dimensions 24 cm.
500 ## - GENERAL NOTE
General note Incluye datos biográficos del autor.
504 ## - BIBLIOGRAPHY, ETC. NOTE
Bibliography, etc. note Bibliografía: páginas [939]-940
505 0# - FORMATTED CONTENTS NOTE
Formatted contents note Ley general tributaria y estructura del sistema fiscal español -- Impuesto sobre la renta de las personas físicas -- Impuesto sobre el patrimonio -- Impuesto sobre sociedades -- Impuesto sobre su sucesiones y donaciones -- Impuesto sobre el valor añadido -- Impuesto sobre transmisiones patrimoniales y actos jurídicos documentados -- Impuestos especiales -- Impuesto sobre las ventas minoritarias de determinados hidrocarburos -- Impuestos locales
650 14 - SUBJECT ADDED ENTRY--TOPICAL TERM
Topical term or geographic name entry element Fiscalidad
9 (RLIN) 14896
Geographic subdivision España
650 24 - SUBJECT ADDED ENTRY--TOPICAL TERM
Topical term or geographic name entry element Impuestos
Geographic subdivision España
9 (RLIN) 36739
942 ## - ADDED ENTRY ELEMENTS (KOHA)
Source of classification or shelving scheme Dewey Decimal Classification
Koha item type Books
Existencias
Withdrawn status Lost status Source of classification or shelving scheme Damaged status Not for loan Collection code Home library Current library Date acquired Source of acquisition Full call number Barcode Date last seen Koha item type
    Dewey Decimal Classification     Non-fiction Biblioteca Pública José María del Castillo y Rada Biblioteca Pública José María del Castillo y Rada 04/15/2018 Donación 336.200946 / F363g 430000385 05/16/2024 Books